000 00297nam a22001577a 4500
999 _c166595
_d166595
082 _a
_b
100 _aHarvey L P
245 _aIBN battuta/
_cby Harvey L P.
260 _a
_bOxford,
_c2011.
300 _a126p.
490 _a
600 _a
650 _a
700 _a
942 _cBK